ბათუმის შოთა რუსთაველის სახელმწიფო უნივერსიტეტის ბიბლიოთეკა

America, a history in art : (ბიბ.ჩანაწერი № 36794)

000 -LEADER
fixed length control field 01039cam a2200289 a 4500
001 - CONTROL NUMBER
control field 15292466
005 - DATE AND TIME OF LATEST TRANSACTION
control field 20221116103029.0
008 - FIXED-LENGTH DATA ELEMENTS--GENERAL INFORMATION
fixed length control field 080507s2008 nyua 001 0 eng
010 ## - LIBRARY OF CONGRESS CONTROL NUMBER
LC control number 2008019342
020 ## - INTERNATIONAL STANDARD BOOK NUMBER
International Standard Book Number 9781579127794 x
020 ## - INTERNATIONAL STANDARD BOOK NUMBER
International Standard Book Number 1579127797 x
035 ## - SYSTEM CONTROL NUMBER
System control number (OCoLC)ocn212844378
040 ## - CATALOGING SOURCE
Original cataloging agency DLC
Transcribing agency DLC
Modifying agency YDX
-- BTCTA
-- BAKER
-- YDXCP
-- LIQ
-- CDX
-- ORX
-- QBX
-- JED
-- SFR
-- CQU
-- DLC
043 ## - GEOGRAPHIC AREA CODE
Geographic area code n-us---
050 00 - LIBRARY OF CONGRESS CALL NUMBER
Classification number E169.1
Item number .A71865 2008
080 ## - UNIVERSAL DECIMAL CLASSIFICATION NUMBER
Universal Decimal Classification number 94(73) s-31
082 00 - DEWEY DECIMAL CLASSIFICATION NUMBER
Classification number 973
Edition number 22
082 00 - DEWEY DECIMAL CLASSIFICATION NUMBER
Classification number 709.7309
Edition number 22
100 1# - MAIN ENTRY--PERSONAL NAME
Personal name Scheller, William.
9 (RLIN) 2219
245 10 - TITLE STATEMENT
Title America, a history in art :
Remainder of title the American journey told by painters, sculptors, photographers, and architects /
Statement of responsibility, etc. W.G Scheller.
260 ## - PUBLICATION, DISTRIBUTION, ETC.
Place of publication, distribution, etc. New York :
Name of publisher, distributor, etc. Black Dog & Leventhal Publishers :
-- Distributed by Workman Pub.,
Date of publication, distribution, etc. c2008.
300 ## - PHYSICAL DESCRIPTION
Extent 320 p. :
Other physical details ill. (some col.) ;
Dimensions 32 cm.
500 ## - GENERAL NOTE
General note Includes index.
653 ## - INDEX TERM--UNCONTROLLED
keyword ისრორია
653 ## - INDEX TERM--UNCONTROLLED
keyword ამერიკის ისტორია ნახატებში
942 ## - ADDED ENTRY ELEMENTS (KOHA)
Source of classification or shelving scheme
Koha item type წიგნი
ეგზემპლარები
Withdrawn status Lost status Source of classification or shelving scheme Damaged status Not for loan Permanent Location Current Location Shelving location Date acquired Cost, normal purchase price Full call number Barcode Date last seen Copy number Price effective from Koha item type Public note
          ბათუმის შოთა რუსთაველის სახელმწიფო უნივერსიტეტის მთავარი ბიბლიოთეკა ბათუმის შოთა რუსთაველის სახელმწიფო უნივერსიტეტის მთავარი ბიბლიოთეკა წიგნსაცავი 2018-12-17 70.00 94(73) s-31 4625 2018-12-17 4625 2018-12-17 წიგნი 70 ლ.